Animal Alphabet Picture 7 - Statistics

General Stats
  • This quiz has been taken 32 times
  • The average score is 19 of 26
Answer Stats
Picture Hint Answer % Correct
C Crocodile
100%
E Elephant
100%
F Frog
100%
J Jaguar
96%
L Llama
96%
M Mouse
96%
P Pig
96%
W Worm
96%
D Dragon
93%
H Hedgehog
93%
I Iguana
93%
G Grasshopper
89%
S Seal
89%
T Toucan
85%
A Albatross
81%
K Kiwi
74%
B Bobcat
70%
R Roadrunner
63%
Y Yellow Jacket
59%
Z Zebra Butterfly
56%
O Okapi
44%
Q Quetzal
44%
N Numbat
37%
U Uaru
26%
V Vervet
26%
X Xenops
22%
No matching quizzes found
Score Distribution
Percent of People with Each Score
Percentile by Number Answered
Your Score History
You have not taken this quiz